<?xml version="1.0" encoding="UTF-8"?>
<record
    xmlns:xsi="http://www.w3.org/2001/XMLSchema-instance"
    xsi:schemaLocation="http://www.loc.gov/MARC21/slim http://www.loc.gov/standards/marcxml/schema/MARC21slim.xsd"
    xmlns="http://www.loc.gov/MARC21/slim">

  <leader>00851nam a22002297a 4500</leader>
  <datafield tag="999" ind1=" " ind2=" ">
    <subfield code="c">20818</subfield>
    <subfield code="d">20818</subfield>
  </datafield>
  <controlfield tag="005">20200205151518.0</controlfield>
  <controlfield tag="008">200205b        xxu||||| |||| 00| 0 spa d</controlfield>
  <datafield tag="040" ind1=" " ind2=" ">
    <subfield code="a">CO-BoIAVH </subfield>
    <subfield code="c">CO-BoIAVH </subfield>
  </datafield>
  <datafield tag="041" ind1=" " ind2=" ">
    <subfield code="a">spa</subfield>
  </datafield>
  <datafield tag="044" ind1=" " ind2=" ">
    <subfield code="a">cl</subfield>
  </datafield>
  <datafield tag="082" ind1=" " ind2=" ">
    <subfield code="a">333.9514028</subfield>
    <subfield code="b">C73b</subfield>
  </datafield>
  <datafield tag="110" ind1=" " ind2=" ">
    <subfield code="a">Comision Nacional del Medio Ambiente - CONAMA</subfield>
  </datafield>
  <datafield tag="245" ind1=" " ind2=" ">
    <subfield code="a">Bases para el establecimiento de un sistema de informaci&#xF3;n sobre biodiversidad en Chile.</subfield>
  </datafield>
  <datafield tag="260" ind1=" " ind2=" ">
    <subfield code="a">s.l.:</subfield>
    <subfield code="b">Comisi&#xF3;n Nacional del Medio Ambiente - CONAMA,</subfield>
    <subfield code="c">s.f.</subfield>
  </datafield>
  <datafield tag="300" ind1=" " ind2=" ">
    <subfield code="a">107 P&#xE1;ginas:</subfield>
    <subfield code="b">ilustraciones y tablas,</subfield>
    <subfield code="c">26 x 18 cm.</subfield>
  </datafield>
  <datafield tag="650" ind1=" " ind2="0">
    <subfield code="a">Diversidad biol&#xF3;gica</subfield>
  </datafield>
  <datafield tag="650" ind1=" " ind2="0">
    <subfield code="a">Investigaci&#xF3;n</subfield>
    <subfield code="x">Biodiversidad</subfield>
  </datafield>
  <datafield tag="650" ind1=" " ind2="0">
    <subfield code="a">recopilaci&#xF3;n de informaci&#xF3;n</subfield>
  </datafield>
  <datafield tag="650" ind1=" " ind2="0">
    <subfield code="a">Conservaci&#xF3;n de recursos naturales</subfield>
  </datafield>
  <datafield tag="651" ind1=" " ind2="0">
    <subfield code="a">Biodiversidad</subfield>
    <subfield code="z">Chile</subfield>
  </datafield>
  <datafield tag="942" ind1=" " ind2=" ">
    <subfield code="2">ddc</subfield>
    <subfield code="c">LIBRO</subfield>
  </datafield>
  <datafield tag="952" ind1=" " ind2=" ">
    <subfield code="0">0</subfield>
    <subfield code="1">0</subfield>
    <subfield code="2">ddc</subfield>
    <subfield code="4">0</subfield>
    <subfield code="7">0</subfield>
    <subfield code="8">GENERAL</subfield>
    <subfield code="a">Bogota</subfield>
    <subfield code="b">Bogota</subfield>
    <subfield code="d">2020-02-05</subfield>
    <subfield code="l">0</subfield>
    <subfield code="o">LB-333.9514028 C73b</subfield>
    <subfield code="p">044172</subfield>
    <subfield code="r">2020-02-05 00:00:00</subfield>
    <subfield code="t">Ej. 1</subfield>
    <subfield code="w">2020-02-05</subfield>
    <subfield code="x">Canje</subfield>
    <subfield code="y">LIBRO</subfield>
    <subfield code="z">Incluye disquete (CID-044173)</subfield>
  </datafield>
</record>
